[Event "NOR-ch"]
[Site "Fredrikstad"]
[Date "2003.07.12"]
[Round "9"]
[White "Christenson, Flemming"]
[Black "Dannevig, Oystein"]
[Result "1-0"]
[WhiteElo "2261"]
[BlackElo "2331"]
[PlyCount "95"]
[EventDate "2003.07.04"]
[EventType "tourn"]
[EventRounds "9"]
[EventCountry "NOR"]
[SourceTitle "CBM 095 Extra"]
[Source "ChessBase"]
[SourceDate "2003.09.04"]
[SourceVersion "1"]
[SourceVersionDate "2003.09.04"]
[SourceQuality "1"]

1. Nf3 c5 2. e3 g6 3. d4 Bg7 4. c3 Qc7 5. Nbd2 Nf6 6. Bd3 0-0 7. 0-0 d6 8. e4 e5 9. dxe5 dxe5 10. Nc4 Nc6 11. a4 Be6 12. Qe2 h6 13. Be3 b6 14. Nfd2 Rad8 15. Bc2 Qb7 16. f3 Nh5 17. g3 Kh7 18. Bf2 f6 19. a5 Rf7 20. axb6 axb6 21. Ne3 f5 22. Rfd1 f4 23. Nd5 fxg3 24. hxg3 Ne7 25. Ne3 b5 26. Ra5 c4 27. Rda1 Nc6 28. Ra6 Bc8 29. Ra8 Bf6 30. Nd5 Bg5 31. Nf1 Rdf8 32. Nh2 Ng7 33. b3 cxb3 34. Bxb3 Be6 35. R8a6 Bd8 36. Bc5 Re8 37. Kg2 Nb8 38. Ra8 Nc6 39. Ng4 Bxg4 40. fxg4 Ne6 41. Bg1 Kg7 42. Kh2 Kf8 43. Nb4 Qd7 44. Rd1 Qb7 45. Bxe6 Qxa8 46. Bd5 Rf6 47. Rf1 Kg7 48. Rxf6 1-0